| 000 | 00000nam##2200000za#4500 |
| 001 | 9.663161 |
| 003 | CaOODSP |
| 005 | 20210615120920 |
| 007 | ta |
| 008 | 150407|2002||||xxc||||| f|0| 0 eng|d |
| 020 | |a0-662-66038-2 |
| 040 | |aCaOODSP|beng |
| 041 | |aeng |
| 041 | |afre |
| 043 | |an-cn--- |
| 086 | 1 |aYL2-12/2002 |
| 245 | 00|aInside Canada's Parliament : |ban introduction to how the Canadian Parliament works |
| 250 | |aFirst edition |
| 260 | |aOttawa - Ontario : |bLibrary of Parliament |c2002. |
| 300 | |aEnglish text, 36p. : |billus. ; |c28 cm. |
| 563 | |aSoftcover |
| 590 | |a02-27|b2002-07-05 |
| 690 | 07|aHouse of Commons|2gcpds |
| 690 | 07|aSenate|2gcpds |
| 710 | 1 |aCanada. |bLibrary of Parliament. |
| 776 | 0#|tLe Parlement du Canada vu de l'intérieur : |w(CaOODSP)9.642043 |
| 776 | 0#|tInside Canada's Parliament : |w(CaOODSP)9.698047 |
| 792 | |tLe Parlement du Canada vu de l'intérieur : |efre|w(CaOODSP)9.663162 |